Statistiche per Del Cibo ( a grandi linee) 1

Clicka qui per fare il quiz!

Statistiche generali

  • Questo quiz è stato fatto 25 volte
  • Il punteggio medio è 5 su 24

Statistiche sulle risposte

ENIT% Corretto
baconpancetta
88%
anchovyacciughe
41%
appetizerantipasto
41%
food pyramidpiramide alimentare
35%
casserolecasseruola
29%
cream cheeseformaggio spalmabile
29%
beetbarbabietola
24%
appetizerstuzzichini
24%
dressingcondimento
18%
crustcrosta
18%
cornflakesfiocchi di mais
18%
barleyorzo
18%
brisketpunta di petto
18%
clamvongola
18%
acorn squashzucca acorn
18%
beefcarne bovina
12%
black-eyed peasfagiolo dall'occhio nero
12%
cottage cheesefiocchi di latte
12%
beancurdformaggio di soia
12%
buckwheatgrano saraceno
12%
bunspanino rotondo
12%
dairycaseificio
6%
entreeprimo piatto
6%
dipsughetto
6%

Distribuzione punteggi

Percentile per numero di risposta

Percentuale di utenti per punteggio

I tuoi punteggi nel tempo

Non hai fatto questo quiz